[Event "LSS No Engine Cup 10 Final"]
[Site "LSS email"]
[Date "2010.07.18"]
[Round "?"]
[White "Bartolomeo, Bartek"]
[Black "Korosec, Stane"]
[Result "1/2-1/2"]
[WhiteElo "2037"]
[BlackElo "1859"]
[PlyCount "75"]
[EventDate "2010.07.19"]
[EventType "tourn (corr)"]
[EventRounds "6"]
[EventCountry "GER"]
[SourceTitle "Telechess CBM 143"]
[Source "ChessBase"]
[SourceDate "2011.07.15"]
[SourceVersion "1"]
[SourceVersionDate "2011.07.15"]
[SourceQuality "1"]

1. e4 c5 2. Nf3 Nc6 3. d3 e6 4. g3 g6 5. Bg2 Bg7 6. 0-0 Nge7 7. Re1 0-0 8. e5 d6 9. exd6 Qxd6 10. Nc3 b6 11. a4 Bb7 12. Nd2 Rac8 13. Nc4 Qd8 14. Nb5 Ba8 15. c3 Nd5 16. h4 Rb8 17. Nbd6 Qc7 18. h5 Rbd8 19. Ne4 Nce7 20. h6 Bh8 21. Bg5 f6 22. Bd2 Nf5 23. Qb3 a5 24. Qd1 Bc6 25. b3 e5 26. Qf3 Bb7 27. Bh3 Bc8 28. Qg2 Nde7 29. Qh1 Nc6 30. Bf1 Nfe7 31. Qf3 f5 32. Ng5 Bf6 33. Rad1 Nd5 34. Bg2 Kh8 35. Rc1 f4 36. Ne4 Be7 37. Qe2 g5 38. Qh5 1/2-1/2

[Event "LSS No Engine Cup 10 Final"]
[Site "LSS email"]
[Date "2010.07.18"]
[Round "?"]
[White "Bartolomeo, Bartek"]
[Black "Paluch, Andrzej"]
[Result "1-0"]
[WhiteElo "2051"]
[BlackElo "1549"]
[PlyCount "43"]
[EventDate "2010.07.19"]
[EventType "tourn (corr)"]
[EventRounds "6"]
[EventCountry "GER"]
[SourceTitle "Telechess CBM 143"]
[Source "ChessBase"]
[SourceDate "2011.07.15"]
[SourceVersion "1"]
[SourceVersionDate "2011.07.15"]
[SourceQuality "1"]

1. b3 e5 2. Bb2 d6 3. c4 Nf6 4. g3 Nc6 5. Bg2 Be7 6. Nf3 0-0 7. 0-0 Be6 8. d4 exd4 9. Nxd4 Nxd4 10. Qxd4 c6 11. Nc3 Qa5 12. Rfd1 Rad8 13. Rd2 d5 14. cxd5 cxd5 15. a3 Rc8 16. b4 Qc7 17. Nxd5 Bxd5 18. Bxd5 Rcd8 19. e4 a5 20. Rc1 Qd6 21. bxa5 Rd7 22. e5 1-0

[Event "LSS No Engine Cup 10 Final"]
[Site "LSS email"]
[Date "2010.07.18"]
[Round "?"]
[White "Grabowski, Benedykt"]
[Black "Bartolomeo, Bartek"]
[Result "1/2-1/2"]
[WhiteElo "1865"]
[BlackElo "2044"]
[PlyCount "59"]
[EventDate "2010.07.19"]
[EventType "tourn (corr)"]
[EventRounds "6"]
[EventCountry "GER"]
[SourceTitle "Telechess CBM 143"]
[Source "ChessBase"]
[SourceDate "2011.07.15"]
[SourceVersion "1"]
[SourceVersionDate "2011.07.15"]
[SourceQuality "1"]

1. d4 Nf6 2. c4 e6 3. Nf3 b6 4. g3 Bb7 5. Bg2 c5 6. d5 exd5 7. Nh4 g6 8. Nc3 Bg7 9. 0-0 0-0 10. Bg5 Re8 11. Nxd5 Bxd5 12. Bxd5 Nc6 13. e3 Qc7 14. Bxf6 Bxf6 15. Qg4 Kf8 16. Rab1 Rad8 17. a3 Ne7 18. Rfd1 h5 19. Qf3 Nxd5 20. Rxd5 Bxh4 21. gxh4 d6 22. Rbd1 Qe7 23. Qg3 Qe4 24. b3 Kg7 25. R1d3 Re5 26. Rxd6 Rxd6 27. Rxd6 Qb1+ 28. Kg2 Qe4+ 29. Kg1 Qb1+ 30. Kg2 1/2-1/2